Relaciones humanas /
Guardado en:
| Autor Principal: | |
|---|---|
| Formato: | Libro |
| Publicado: |
Buenos Aires :
Cesarini Hnos,
1984
|
| Edición: | 9a. ed. |
| Materias: | |
| Etiquetas: |
Agregar Etiqueta
Sin Etiquetas, Sea el primero en etiquetar este registro!
|
| LEADER | 01431nam a22003015a 4500 | ||
|---|---|---|---|
| 001 | CEM.cems006326 | ||
| 005 | 20060214000000.0 | ||
| 008 | 130507s1984##################000#0#####d | ||
| 003 | CEMS | ||
| 082 | 0 | 4 | |a 150.13 |
| 100 | 1 | |a Trotta, Beatríz A. E. | |
| 245 | 1 | 0 | |a Relaciones humanas / |
| 250 | |a 9a. ed. | ||
| 260 | |a Buenos Aires : |b Cesarini Hnos, |c 1984 | ||
| 300 | |a 160 p. | ||
| 505 | 0 | |a Critica de los experimentos para elevar el C.I.;la constancia del rendimiento en tests mentales durante el periodo preescolar;estudios sobre gemelos criados separadamente; esta relaciónada la semejanza mental con la física entre hermanos?; | |
| 653 | |a Hombre y comunidad | ||
| 653 | |a Relaciones humanas-enseñanza s | ||
| 653 | |a Relaciones publicas | ||
| 859 | |a CEMS |b BIB. CEMS - 11 de abril |h 150.13 |i T756a9 |p 14001.86 |t Ej.1 | ||
| 859 | |a CEMS |b BIB. CEMS - 11 de abril |h 150.13 |i T756a9 |p 14002.86 |t Ej.2 | ||
| 859 | |a CEMS |b BIB. CEMS - 11 de abril |h 150.13 |i T756a9 |p 14003.86 |t Ej.3 | ||
| 859 | |a CEMS |b BIB. CEMS - 11 de abril |h 150.13 |i T756a9 |p 14004.86 |t Ej.4 | ||
| 859 | |a CEMS |b BIB. CEMS - 11 de abril |h 150.13 |i T756a9 |p 14005.86 |t Ej.5 | ||
| 859 | |a CEMS |b BIB. CEMS - 11 de abril |h 150.13 |i T756a9 |p 14006.86 |t Ej.6 | ||
| 859 | |a CEMS |b BIB. CEMS - 11 de abril |h 150.13 |i T756a9 |p 14098.86 |t Ej.8 | ||
| 859 | |a CEMS |b BIB. CEMS - 11 de abril |h 150.13 |i T756a9 |p 14099.86 |t Ej.9 | ||
| 859 | |a CEMS |b BIB. CEMS - 11 de abril |h 150.13 |i T756a9 |p 14100.86 |t Ej.10 | ||
